Statistiques concernant Les plus gros transferts (arrivées) de Premier League (2023/2024j

Cliquez ici pour prendre le quiz!

Statistiques générales

  • Ce quiz a été pris 101 fois
  • Le résultat moyen est 23 sur 30

Statistiques - réponses

Club précédentClubNationalitéMontantNOM% Correct
West Ham UtdArsenalAngleterre116 MDeclan Rice
99%
BrightonChelseaEquateur116 MMoises Caicedo
99%
RB LeipzigManchester CityCroatie90 MJosko Gvardiol
97%
ChelseaArsenalAllemagne75 MKai Havertz
95%
AC MilanNewcastle UtdItalie64 MSandro Tonali
91%
Atalanta BCManchester UnitedDanemark75 MRasmus Hojlund
89%
Stade RennaisManchester CityBelgique60 MJeremy Doku
88%
ChelseaManchester UnitedAngleterre64.2 MMason Mount
88%
InterManchester UnitedCameroun52.5 MAndré Onana
87%
RB LeipzigChelseaFrance60 MChristopher Nkunku
86%
Bayer LeverkusenAston VillaFrance55 MMoussa Diaby
85%
AS MonacoChelseaFrance45 MAxel Disasi
84%
RB LeipzigLiverpool FCHongrie70 MDominik Szoboszlai
84%
Leicester CityTottenhamAngleterre46.3 MJames Maddison
82%
BrightonLiverpool FCArgentine42 MAlexis Mac Allister
81%
WolverhamptonManchester CityPortugal62 MMatheus Nunes
80%
Manchester CityChelseaAngleterre47 MCole Palmer
78%
AjaxWest Ham UtdGhana43 MMohammed Kudus
77%
Bayern MunichLiverpool FCPays-Bas40 MRyan Gravenberch
75%
Villarreal CFChelseaSénégal37 MNicolas Jackson
70%
Sporting CPTottenhamEspagne40 MPedro Porro
69%
Atletico MadridWolverhamptonBrésil50 MMatheus Cunha
68%
VFL WolfsburgTottenhamPays-Bas40 MMicky Van De Ven
67%
AjaxArsenalPays-Bas42 MJurrien Timber
65%
Southampton FCChelseaBelgique62 MRoméo Lavia
65%
Nottingham ForrestTottenhamPays de Galles55 MBrennan Johnson
63%
AjaxWest Ham UtdMexique38 MEdson Alvarez
59%
Leicester CityNewcastle UtdAngleterre44 MHarvey Barnes
58%
PSV EindhovenNottingham ForrestCôte d'Ivoire35 MIbrahim Sangaré
54%
Southampton FCNewcastle UtdAngleterre37.2 MTino Livramento
35%

Distribution des résultats

Percentile par nombre de réponses

% des personnes avec chaque résultat

Votre développement - résultats

Vous n’avez pas pris ce quiz